000 01641cam a2200421 a 4500
999 _c349687
_d349687
001 12494620
003 NUST
005 20180117090025.0
008 010806s1999 cc a r 000 0 eng
010 _a 2001532507
020 _a7503918349
040 _aDLC
_cDLC
041 1 _aeng
_hchi
043 _aa-cc---
050 0 0 _aNX583.A1
_bZ46513 1999 vol. 1
082 _a344.51097
130 0 _aZhongguo wen hua fa gui, ji gou.
_lEnglish.
245 1 0 _aChinese cultural laws, regulations and institutions /
_cchief editor Gao Shuxun ; co-weriters Hong Yongping ... [et al.] ; translators Li Bin, Zhou Qingchang, Chen Qiping.
250 _aBeijing di 1 ban.
260 _aBeijing :
_bCulture and Art Publishing House,
_c1999.
300 _a2, 192 p. :
_bcol. ill. ;
_c21 cm.
490 1 _aChinese culture and art series ;
_v1
541 _5DLC.
650 0 _aArts, Chinese
_xSocieties, etc.
_vDirectories.
650 0 _aLaw and art
_zChina.
651 0 _aChina
_xCultural policy.
700 1 _aHong, Yongping.
700 1 _aGao, Shuxun.
700 1 _aLi, Bin.
700 1 _aZhou, Qingchang.
700 1 _aChen, Qiuping.
830 0 _aZhongguo wen hua yi shu cong shu (Beijing, China).
_lEnglish ;
_v1.
906 _a7
_bcbc
_corignew
_d2
_encip
_f20
_gy-gencatlg
942 _2ddc
_cBK
987 _aPINYIN
_bDLC
_dc